| 000 | 05138nam a22003377a 4500 | ||
|---|---|---|---|
| 001 | TIGAL 0083 | ||
| 003 | gtcocun | ||
| 005 | 20250917182408.0 | ||
| 006 | a||||gr|||| 00| 0 | ||
| 007 | ta | ||
| 008 | 250917b2024 gt ||||| m||| 00| 0 eng d | ||
| 040 |
_agtcocun _bSPA _cgtcocun _eRDA |
||
| 041 | _aSPA TIGAL 0083 | ||
| 084 | _0TIGAL 0083 | ||
| 100 |
_aMorales Chen, Keily Esther _eAutor |
||
| 245 |
_aINFORME FINAL DEL EJERCICIO PROFESIONAL SUPERVISADO, REALIZADO EN ALDEA CHOVAL Y DELEGACIÓN DEPARTAMENTAL DEL MINISTERIO DE AMBIENTE Y RECURSOS NATURALES, COBÁN ALTA VERAPAZ/ _cKeily Esther Morales Chen. _hImpreso |
||
| 264 |
_aCobán, Alta Verapaz: _bUniversidad de San Carlos de Guatemala, Centro Universitario del Norte, Carrera de Ingeniería en Gestión Ambiental Local _c2024 |
||
| 300 |
_a114 p.: _bIlustraciones, gráficas. _c28 cm; |
||
| 300 | _cPDF | ||
| 336 |
_2rdacontenido _aTexto _btxt |
||
| 337 |
_2rdamedio _aComputadora _bn |
||
| 338 |
_2rdasoporte _aCódigo en línea _bcr |
||
| 502 | _eTIGAL 0083 | ||
| 502 |
_aTesis de grado _bCarrera de Ingeniería en Gestión Ambiental Local, _cUniversidad de San Carlos de Guatemala, Centro Universitario del Norte, Carrera de Ingeniería en Gestión Ambiental Local _d2024 _oTIGAL 0083 |
||
| 520 | 1 | 4 | _aEl Ejercicio Profesional Supervisado se basa en la política de extensión de la Universidad de San Carlos de Guatemala, el objetivo es conocer la realidad de los centros poblados con el fin de proporcionar a la comunidad las herramientas y apoyo necesario para el desarrollo comunitario, esto también ayuda al estudiante a poner en práctica las habilidades, destrezas y conocimientos adquiridos durante el transcurso de la carrera. Inicialmente se desarrolló un diagnóstico comunitario que fue base para jerarquizar los principales problemas ambientales del centro poblado, aldea Choval Cobán, Alta Verapaz, esta misma se encuentra ubicada a 11 kilómetros de distancia de la cabecera departamental y cuenta con diversos recursos naturales. En la comunidad el problema con los desechos sólidos es muy notorio, debido a la falta de recolección y manejo final de los mismos, los vecinos optan por quemar, enterrar o tirar la basura sin ningún sitio estratégico. A partir de la problemática identificada en el diagnóstico, se realizó una planificación de trabajo en la aldea. Las acciones implementadas abordan temas relacionados con el ambiente, como educación ambiental, jornadas de recolección de residuos y desechos sólidos, y la elaboración de manuales sobre el acuerdo Gubernativo 164-2021 y sus reformas, entre otros. El objetivo es responder a la problemática de la aldea en aspectos básicos del cuidado ambiental, hábitos de higiene personal, y conservación de los recursos naturales. La investigación desarrollada en el río Cahabón, tiene el propósito de determinar los niveles de contaminación a lo largo de su recorrido por los municipios de Cobán y San Pedro Carchá del departamento de Alta Verapaz, antes de desembocar en las aguas del río Polochic del municipio de La Tinta. El estudio tuvo como objetivo establecer puntos fijos para el monitoreo constante del agua, con el fin de contar con un registro que permitiera a los responsables de la toma de decisiones abordar el tema de manera integral. Para ello, la referencia fueron los parámetros y límites máximos permisibles establecidos en el reglamento de las descargas y reuso de aguas residuales y de la disposición de lodos, según el acuerdo Gubernativo 236-2006. Los resultados de las muestras de agua revelaron que los parámetros de contaminantes químicos se encontraban por debajo de los límites máximos permisibles del reglamento. La investigación demuestra que el río aún no está en una etapa de contaminación total y que todavía se pueden realizar esfuerzos para recuperar el cuerpo de agua. La inspección en cada punto de muestreo permitió observar cómo las personas que viven cerca del río utilizan el agua y sus diversas aplicaciones. A través de guías de observación y encuestas, se dio a conocer la opinión social y cómo las comunidades rurales y urbanas vierten sus aguas residuales y desechos sólidos en el río sin previo tratamiento. Los resultados de las encuestas revelan que la población si considera que el agua del río está contaminada y por ello no la utilizan en sus actividades diarias, pero no tienen ningún problema en aceptar que esa misma agua sea utilizada para el riego de cultivos y consumo para los animales, lo cual demuestra la falta de conocimiento sobre la manipulación que se le da al agua. |
| 650 | 1 | 4 |
_2LEMB _aCobán, Alta Verapaz _xIngeniería en Gestión Ambiental Local _xDiagnóstico _xProblemas ambientales _xRecursos naturales _xPlanificación _xContaminación |
| 700 |
_aIng. Agr. M.A. Marcos Rafael Flores Delgado _eAsesor |
||
| 856 |
_uhttps://drive.google.com/file/d/1P_NiM4U-RxnYcx9v1sQ_BVGfvcVB05px/view _yPDF _zUn ejemplar en línea. |
||
| 942 |
_2ddc _cTES _iTIGAL 0083 _kClasificación _n0 _6TIGAL_0083_000000000000000 |
||
| 999 |
_c1895 _d1895 |
||